Múzeum slovenského krasu v Lipt. Mikuláši
Zobrazenie: 6 záberov na jaskyňe a interéry múzeua
| Other Authors: | |
|---|---|
| Format: | Photo |
| Language: | Slovak German French English |
| PhysicalDescription: | 1 pohľadnica (6 čiastkových záberov) farebná 15 x 11 cm |
| Published: |
Praha
Orbis
1970
|
| Subjects: |
MARC
| LEADER | 00000nkm a2200000 a 4500 | ||
|---|---|---|---|
| 001 | vtls011772586 | ||
| 003 | SK-MaSNL | ||
| 005 | 20260331211614.0 | ||
| 007 | kf co | ||
| 008 | 230718s1970 xr g 00 k|slo | ||
| 015 | |a SNBG1970 | ||
| 035 | |a urn:nbn:sk:snk-km00dmt1 | ||
| 035 | |a urn:nbn:sk:snk-km3m0g9 | ||
| 035 | |a 44F4E9E5-FA53-476F-A7B4-2D7975D7AACE | ||
| 040 | |a SNK |b slo |c SNK |e AACR2 | ||
| 041 | 0 | |a slo |a ger |a fre |a eng | |
| 043 | |a e-xo--- | ||
| 044 | |a xr |c CZ | ||
| 072 | 7 | |a 913 |x Regionálna geografia |2 konspekt | |
| 080 | |a 913(437.6) |2 2011 | ||
| 080 | |a 069 |2 2011 | ||
| 080 | |a (084.121) |2 2011 | ||
| 080 | |a 72.012.8 |2 2011 | ||
| 080 | |a 551.442 |2 2011 | ||
| 100 | 1 | |a Menec, Zdeněk, |d 1914-1998 |4 pht |9 56676 | |
| 245 | 1 | 0 | |a Múzeum slovenského krasu v Lipt. Mikuláši |h grafika |c foto: Z. Menec |
| 246 | 3 | 1 | |a Museum des slovakischen Karstes in Lipt. Mikuláš |
| 246 | 3 | 1 | |a Musée du Karst slovaque a Lipt. Mikuláš |
| 246 | 3 | 1 | |a Museum of Slovak Karst at Lipt. Mikuláš |
| 246 | 3 | 3 | |a Liptovský Mikuláš |b Múzeum Slovenského Krasu |
| 260 | |a Praha |b Orbis |c 1970 | ||
| 300 | |a 1 pohľadnica (6 čiastkových záberov) |b farebná |c 15 x 11 cm | ||
| 520 | 8 | |a Zobrazenie: 6 záberov na jaskyňe a interéry múzeua | |
| 546 | |a Súbežný názov v nem., franc. a angl. | ||
| 650 | 0 | 7 | |a múzeá |2 SNKPH |9 4119 |
| 650 | 0 | 7 | |a interiéry |2 SNKPH |9 2953 |
| 650 | 0 | 7 | |a jaskyne |2 SNKPH |9 20772 |
| 651 | 7 | |a Liptovský Mikuláš (Slovensko) |2 SNKPHgeo |9 36847 | |
| 655 | 7 | |a miestne pohľadnice |2 SNKPH |9 70510 | |
| 852 | |a Slovenská národná knižnica | ||
| 954 | |a pohľadnice cudzojazyčné (svetové) |2 lita | ||
| 958 | |a GBN | ||
| 958 | |a GC | ||
| 958 | |a OND | ||
| 958 | |a EUIPO | ||
| 999 | |c 598713 |d 600643 | ||
| 952 | |a SNK |b SNK |y PREZ |7 0 |p 17A1294486 |o snkSP 79491 |z Pohľadnica prešla poštou. |0 0 |1 0 |4 0 |d 2018-08-15 |f 1 |l 0 |r 2026-02-23 15:46:57 |w 2026-02-23 | ||


